000 00305nam a2200133Ia 4500
100 _aVenkatesh/ V.C.
942 _cBK
654 _ametal cutting
245 _aExperimental methods in metal cutting
260 _bprentice hall
_aNew Delhi
_c1982
082 _a671.53
300 _a525
546 _aENGLISH
999 _c34268
_d34268